|
|
|
|
| LEADER |
00000cam a22000004a 4500 |
| 001 |
musev2_3187 |
| 003 |
MdBmJHUP |
| 005 |
20230905040413.0 |
| 006 |
m o d |
| 007 |
cr||||||||nn|n |
| 008 |
080213s2008 txu o 00 0 eng d |
| 010 |
|
|
|z 2008006632
|
| 020 |
|
|
|a 9780292793859
|
| 020 |
|
|
|z 0292718713
|
| 020 |
|
|
|z 0292793855
|
| 020 |
|
|
|z 9780292718715
|
| 035 |
|
|
|a (OCoLC)826336619
|
| 040 |
|
|
|a MdBmJHUP
|c MdBmJHUP
|
| 043 |
|
|
|a s-ck---
|
| 050 |
0 |
4 |
|a HN310.Z9
|b V5345 2008
|
| 082 |
0 |
|
|a 303.6/20986109045
|2 22
|
| 100 |
1 |
|
|a Holmes, Jennifer S.
|
| 245 |
1 |
0 |
|a Guns, Drugs, and Development in Colombia /
|c Jennifer S. Holmes, Sheila Amin Gutierrez de Piñeres, Kevin M. Curtin.
|
| 264 |
|
1 |
|a Austin :
|b University of Texas Press,
|c 2008.
|
| 264 |
|
3 |
|a Baltimore, Md. :
|b Project MUSE,
|c 2012
|
| 264 |
|
4 |
|c ©2008.
|
| 300 |
|
|
|a 1 online resource (208 pages):
|b ill., maps ;
|
| 336 |
|
|
|a text
|b txt
|2 rdacontent
|
| 337 |
|
|
|a computer
|b c
|2 rdamedia
|
| 338 |
|
|
|a online resource
|b cr
|2 rdacarrier
|
| 504 |
|
|
|a Includes bibliographical references (p. [167]-187) and index.
|
| 505 |
0 |
|
|a Introduction -- Historical and geographical propensities to violence -- Colombian economic history : regional context and Colombian policies -- The main actors in the 1990s and into the twenty-first century : guerrillas and paramilitaries -- Differences within Colombia and available subnational data -- Guns and protection : guerrillas and paramilitaries -- The effects of illegal drugs and violence on the Colombian economy -- Acknowledging constraints to find comprehensive peace : the four cornerstones of pacification.
|
| 588 |
|
|
|a Description based on print version record.
|
| 650 |
|
0 |
|a Cocaine industry
|z Colombia.
|
| 650 |
|
0 |
|a Political violence
|z Colombia.
|
| 651 |
|
0 |
|a Colombia
|x Economic conditions
|y 1970-
|
| 655 |
|
7 |
|a Electronic books.
|2 local
|
| 700 |
1 |
|
|a Curtin, Kevin M.,
|d 1967-
|
| 700 |
1 |
|
|a Amin Gutierrez de Piñeres, Sheila.
|
| 710 |
2 |
|
|a Project Muse.
|e distributor
|
| 830 |
|
0 |
|a Book collections on Project MUSE.
|
| 856 |
4 |
0 |
|z Texto completo
|u https://projectmuse.uam.elogim.com/book/3187/
|
| 945 |
|
|
|a Project MUSE - Custom Collection
|
| 945 |
|
|
|a Project MUSE - Archive Complete Foundation
|
| 945 |
|
|
|a Project MUSE - Archive Global Cultural Studies Foundation
|
| 945 |
|
|
|a Project MUSE - Archive Latin American and Caribbean Studies Foundation
|